Cartoonfiguren mit E - Statistiken

Allgemein
  • Dieses Quiz wurde 84 mal gespielt
  • Das Durchschnittsergebnis liegt bei 4 aus 11
Antwortstatistiken
Bildquiz Antwort % Korrekt
Elsa
93%
Ekel
65%
Eric Cartman
59%
Prof. Eich
47%
Elastigirl
37%
Prinz Eisenherz
32%
Blaue Elise
25%
Elmer Fudd
17%
Erza Scarlet
15%
Endeavor
13%
Oma Eusebia
8%
Keine übereinstimmenden Quizze gefunden
Verteilung der Resultate
Anzahl Personen mit jedem Resultat
Perzentil nach korrekt beantworteten Fragen
Ihre Resultats-Entwicklung
Sie haben dieses Quiz noch nicht gespielt